Normal view
MARC view
- الاشاعرة(فرقة اسلامية)- الغائية(فلسفة)
Entry Topical Term
001 - CONTROL NUMBER
- control field: 9831
003 - CONTROL NUMBER IDENTIFIER
- control field: JO-AjAnu
005 - DATE AND TIME OF LATEST TRANSACTION
- control field: 20230606071900.0
008 - FIXED-LENGTH DATA ELEMENTS
- fixed length control field: 230606|| aca||aabn | a|a d
040 ## - CATALOGING SOURCE
- Original cataloging agency: JO-AjAnu
- Transcribing agency: JO-AjAnu
150 ## - HEADING--TOPICAL TERM
- Topical term or geographic name entry element: الاشاعرة(فرقة اسلامية)- الغائية(فلسفة)
670 ## - SOURCE DATA FOUND
- Source citation: Work cat.: (JO-AjAnu)5067: الجزيري، نوران, author 9830, قراءة في علم الكلام الغائية عند الأشاعرة